000 00340nam a2200133 4500
005 20260530115256.0
100 1 _aGordon Brotherston
_930553
245 1 0 _aMexican Painted Books
264 1 _bUniversity of Essex
_c1992
300 _a40 páginas
336 _atexto
_2rdacontent
337 _asin medio
_2rdamedia
338 _avolumen
_2rdacarrier
999 _c12626
_d12626